00401nam a2200157Ia 4500003000400000008004100004040001600045082002000061100001700081245005600098260004600154300001000200650001400210650001000224650000900234GCL140319s9999 xx 000 0 eng d aGCL / cGCL04a599.7358bbS P1 aSPEEDY, A.W.10aPROGRAM IN SHEEP AND GOAT RESEARCH / cSPEEDY, A.W. a[S.N] : bC. A. B INTERNATIONAL ، c1992 a280 P04aNUTRITION04aSHEEP04aGOAT